000 00430nam a2200181Ia 4500
001 2952
005 20260306144845.0
008 260306t1997||||xx |||||||||||||| ||spa||
041 _aESP
082 _a234.91
_bC76
100 _aCongreso Internacional
_eAUT
245 0 _aDesafíos para el tercer milenio
260 _c1997
300 _a254 páginas :
_c20 cm.
650 _aGEN
654 _aCHU
942 _cLIB
_dJUS
_fJUS
_2ddc
_n
999 _c2952
_d2952